Antología literaria 4 : (Registro nro. 9881)

Detalles MARC
000 -LIDER
fixed length control field 01505nam a2200277 a 4500
001 - NÚMERO DE CONTROL
Identificador de número de control 00003880
003 - IDENTIFICACDOR DE NÚMERO DE CONTROL
control field DO-SdBNP
005 - DATE AND TIME OF LATEST TRANSACTION
control field 20180312082810.0
007 - CAMPOS FIJOS DE DESCRIPCIÓN FÍSICA
fixed length control field 00003880
008 - ELEMENTOS DE LONGITUD FIJA
fixed length control field 091118s2002 dr ac 000 0 spa d
020 ## - ISBN
International Standard Book Number 999348735X
040 ## - FUENTE DE CATALOGACIÓN
Agencia que crea de manera original el registro BNPHU
Idioma de catalogación spa
Agencia que realiza la transcripción BNPHU
092 ## - LOCALLY ASSIGNED DEWEY DECIMAL CALL NUMBER
Número de clasificación xxxxx
Número de ítem (Cutter) A634L
245 00 - MENCIÓN DE TITULO
Título Antología literaria 4 :
Subtítulo educación media /
Mención de responsabilidad selección Manuel García Cartagena ; ilustración Ruddy Núñez.
260 ## - PUBLICACIÓN, DISTRIBUCIÓN, ETC. (PIE DE IMPRENTA)
Lugar de publicación, distribución, etc Santo Domingo :
Nombre del editor, distribuidor, etc. Santillana,
Fecha de publicación, distribución, etc 2002.
300 ## - DESCRIPCIÓN FÍSICA
Extensión 151 p. :
Otros detalles físicos il., retrs. ;
Dimensiones 28 cm.
490 1# - MENCIÓN DE SERIES
Mención de serie Umbral
500 ## - NOTA GENERAL
Nota general Literatura dominicana (siglo XX) conectada con literatura hispanoamericana (siglo XX).<br/>
505 0# - NOTA DE CONTENIDO
Información miscelánea 2do curso/ Segundo ciclo
-- Unidad 1
Título Primeros proyectos poéticos dominicanos --
Información miscelánea Unidad 2
Título Letras dominicanas de los años 1940 --
Información miscelánea Unidad 3
Título Letras en son de guerra --
Información miscelánea Unidad 4
Título Con letra de mujer --
Información miscelánea Unidad 5
Título Poesía de la crisis, crisis de la poesía --
Información miscelánea Unidad 6
Título Los nuevos prosistas --
Información miscelánea Unidad 7
Título Poetas vanguardistas hispanoamericanos --
Información miscelánea Unidad 8
Título Narrativa postmodernista hispanoamericana --
Información miscelánea Unidad 9
Título Hispanoaméricana: medio siglo de poetas --
Información miscelánea Unidad 10
Título El boom de la novela hispanoamericana --
Información miscelánea Unidad 11
Título Escritoras hispanoamericanas --
Información miscelánea Unidad 12
Título Hispanoamérica: ¿qué se cuenta hoy?
700 1# - ASIENTO SECUNDARIO -- NOMBRE PERSONAL
Nombre personal García Cartagena, Manuel,
700 12 - ASIENTO SECUNDARIO -- NOMBRE PERSONAL
Nombre personal Núñez, Ruddy ,
Mención de responsabilidad il.
830 #0 - ASIENTO SECUNDARIO DE SERIE--TÍTULO UNIFORME
Título uniforme Umbral
942 ## - ADDED ENTRY ELEMENTS (KOHA)
Source of classification or shelving scheme Dewey Decimal Classification
Koha item type Libros
945 ## - INFORMACIÓN DE PROCESAMIENTO LOCAL
Información de procesamiento local Remanejado para la BNPHU / 2018 VM
956 ## - LOCAL ELECTRONIC LOCATION AND ACCESS (OCLC)
Nombre de host LOPEREZ
Número de acceso 10
Información de compresión 20160421
Inicio de sesión BPMSU
Procesador de solicitud 00041
Existencias
Withdrawn status Lost status Source of classification or shelving scheme Damaged status Not for loan Collection code Home library Current library Date acquired Source of acquisition Total Checkouts Barcode Date last seen Copy number Price effective from Koha item type
    Dewey Decimal Classification     Colección Escolar Biblioteca Pública Metropolitana Salomé Ureña Biblioteca Pública Metropolitana Salomé Ureña 04/21/2016 Donación   BPMSU16040616 04/21/2016 v. 1 04/21/2016 Libros
    Dewey Decimal Classification     Colección Escolar Biblioteca Pública Metropolitana Salomé Ureña Biblioteca Pública Metropolitana Salomé Ureña 04/21/2016 Donación   BPMSU16040617 04/21/2016 v. 1, e. 2 04/21/2016 Libros